000
00299nam a2200109Ia 4500
008
200302s9999 xx 000 0 und d
100
_a
Rahul Khanna And Manav Parhawq
245
_a
The Modern Architecture Of New Delhi : 1928---2017
260
_b
Random House India
260
_c
2008
300
_a
207 P
999
_c
4921
_d
4921